| 000 | 00856nam a22002417a 4500 | ||
|---|---|---|---|
| 999 |
_c5381 _d5381 |
||
| 003 | AR-CdUCM | ||
| 008 | 190312b ||||| |||| 00| 0 spa d | ||
| 040 |
_aMUNICIPALIDAD PROVINCIAL DEL CUSCO _cBIBLIOTECA MUNICIPAL DEL CUSCO |
||
| 041 | _heng | ||
| 082 |
_a947.085 / _bC84 |
||
| 100 |
_aCrankshaw, Edward _916223 |
||
| 245 | _aKruschef recuerda / | ||
| 260 |
_aMadrid : _bElfo, _c1970. |
||
| 300 |
_a622 paginas ; _bFotografías, _c25 cm. |
||
| 500 | _atitulo original: Khruschev remembers | ||
| 505 | _aDe las minas de carbón al kremlin -- Los comienzos de su carrera -- Labor de partido en Moscú -- El terror -- Regreso a Ucrania ... | ||
| 650 |
_aPartido político _916224 |
||
| 650 |
_asociedad soviética _98001 |
||
| 650 |
_aGuerra patriótica _916225 |
||
| 700 |
_aDiaz de Llaño, Jose luis _916226 |
||
| 942 |
_2ddc _cLIBROS |
||
| 945 | _aacv | ||